[Event "St Petersburg Autumn op"]
[Site "St Petersburg"]
[Date "2011.11.01"]
[Round "5"]
[White "Chuvakov, Nikolay"]
[Black "Petrochenko, Maria"]
[Result "0-1"]
[WhiteElo "1807"]
[BlackElo "1522"]
[PlyCount "130"]
[EventDate "2011.10.28"]
[EventType "swiss"]
[EventRounds "9"]
[EventCountry "RUS"]
[SourceTitle "EXT 2013"]
[Source "ChessBase"]
[SourceDate "2012.11.22"]
[SourceVersion "1"]
[SourceVersionDate "2012.11.22"]
[SourceQuality "1"]

1. Nf3 d5 2. d4 Nf6 3. c4 c6 4. Nc3 e6 5. Bg5 Nbd7 6. e3 Qa5 7. Qc2 Ne4 8. Bh4 Bb4 9. Rc1 Qxa2 10. cxd5 exd5 11. Bd3 Nxc3 12. bxc3 Qxc2 13. Rxc2 Bd6 14. e4 dxe4 15. Bxe4 0-0 16. 0-0 h6 17. c4 g5 18. Bg3 Bxg3 19. fxg3 Kg7 20. Rcf2 Nb6 21. Ne5 Be6 22. d5 Nxc4 23. dxe6 Nxe5 24. Rf5 f6 25. Bb1 Ng6 26. R5f2 Ne7 27. Rd2 Rfd8 28. Rfd1 Rxd2 29. Rxd2 Nd5 30. Be4 Rd8 31. Kf2 Kf8 32. Kf3 Ke7 33. Bf5 Nc7 34. Re2 Rd5 35. g4 Rd6 36. Rb2 Nb5 37. h4 Rd8 38. g3 Ra8 39. hxg5 hxg5 40. Rh2 Nd4+ 41. Ke4 Nxe6 42. Rh7+ Kd6 43. Bxe6 Kxe6 44. Rxb7 a5 45. Rb6 Kd6 46. Kd4 a4 47. Rb1 a3 48. Ke4 a2 49. Ra1 c5 50. Kf5 c4 51. Kxf6 Ra5 52. Rd1+ Kc6 53. Ra1 c3 54. Kg6 c2 55. Kf6 Kd6 56. Kg6 c1Q 57. Rxc1 a1Q 58. Rxa1 Rxa1 59. Kxg5 Rg1 60. Kf6 Rf1+ 61. Kg7 Ke7 62. g5 Rg1 63. g6 Rxg3 64. Kh7 Kf6 65. Kh8 Kxg6 0-1

[Event "St Petersburg Autumn op"]
[Site "St Petersburg"]
[Date "2011.10.31"]
[Round "4"]
[White "Kolesnikova, Kristina"]
[Black "Chuvakov, Nikolay"]
[Result "1-0"]
[WhiteElo "1921"]
[BlackElo "1807"]
[PlyCount "89"]
[EventDate "2011.10.28"]
[EventType "swiss"]
[EventRounds "9"]
[EventCountry "RUS"]
[SourceTitle "EXT 2013"]
[Source "ChessBase"]
[SourceDate "2012.11.22"]
[SourceVersion "1"]
[SourceVersionDate "2012.11.22"]
[SourceQuality "1"]

1. e4 c5 2. Nf3 d6 3. d4 cxd4 4. Nxd4 Nf6 5. Nc3 a6 6. Be3 e6 7. g4 Nc6 8. g5 Nd7 9. Qd2 Qc7 10. 0-0-0 Nce5 11. Qe2 b5 12. f4 Nc4 13. Ndxb5 axb5 14. Nxb5 Qb8 15. Qxc4 Nc5 16. Bxc5 dxc5 17. f5 Be7 18. f6 gxf6 19. gxf6 Bf8 20. Qd3 Bh6+ 21. Kb1 0-0 22. Qh3 Qf4 23. Bd3 e5 24. Qg3+ Kh8 25. Qxf4 Bxf4 26. Nc7 Ra7 27. Nd5 Be6 28. a3 Bh6 29. Rhg1 Rb8 30. Ka1 Bf8 31. Rg3 Ra4 32. Rdg1 Bd6 33. Nc3 Raa8 34. Nb5 Rb6 35. Nxd6 Rxd6 36. Rg7 c4 37. R1g5 Bg4 38. Rxg4 Rxf6 39. Bxc4 Rf8 40. Ka2 Rf2 41. h4 Rxc2 42. Bxf7 h6 43. Be6 Rcf2 44. Bf5 R2xf5 45. exf5 1-0

[Event "St Petersburg Chigorin CC-ch"]
[Site "St Petersburg"]
[Date "2009.05.20"]
[Round "2"]
[White "Chuvakov, Nikolay"]
[Black "Simko, Vladimir"]
[Result "1/2-1/2"]
[WhiteElo "1808"]
[BlackElo "1981"]
[PlyCount "106"]
[EventDate "2009.05.19"]
[EventType "swiss"]
[EventRounds "9"]
[EventCountry "RUS"]
[SourceTitle "CBM 130 Extra"]
[Source "ChessBase"]
[SourceDate "2009.07.02"]
[SourceVersion "2"]
[SourceVersionDate "2009.07.15"]
[SourceQuality "1"]

1. d4 Nf6 2. c4 g6 3. Nc3 Bg7 4. e4 d6 5. h3 0-0 6. Nf3 Nbd7 7. Be2 c5 8. Be3 cxd4 9. Nxd4 Nc5 10. Bf3 Qa5 11. 0-0 Qb4 12. Qe2 Qb6 13. Rab1 Qd8 14. b4 Ncd7 15. Qd2 Ne5 16. Be2 Bd7 17. f4 Nc6 18. Rfd1 Qc8 19. Kh2 Re8 20. Nxc6 Bxc6 21. Bf3 Rd8 22. Nd5 Bxd5 23. cxd5 Qd7 24. Rbc1 h5 25. Rc4 Rdc8 26. Rdc1 Rxc4 27. Rxc4 Ne8 28. Qc2 a6 29. g4 hxg4 30. Bxg4 e6 31. dxe6 fxe6 32. Bd4 b5 33. Bxg7 bxc4 34. Bc3 Qf7 35. f5 exf5 36. exf5 gxf5 37. Bxf5 Ra7 38. Qe4 Kf8 39. Bd4 Re7 40. Qg4 Nf6 41. Qf3 d5 42. Bc5 Ke8 43. Bxe7 Qxe7 44. a3 Qe5+ 45. Kg2 Ke7 46. h4 Kf7 47. h5 Kg7 48. Qf2 Ne4 49. Qa7+ Kf6 50. Bg6 Qg3+ 51. Kf1 Qf3+ 52. Kg1 Qg3+ 53. Kf1 Qf3+ 1/2-1/2

[Event "St Petersburg Chigorin CC-ch"]
[Site "St Petersburg"]
[Date "2009.05.19"]
[Round "1"]
[White "Shagiakhmetov, Artem"]
[Black "Chuvakov, Nikolay"]
[Result "1-0"]
[WhiteElo "2084"]
[BlackElo "1808"]
[PlyCount "62"]
[EventDate "2009.05.19"]
[EventType "swiss"]
[EventRounds "9"]
[EventCountry "RUS"]
[SourceTitle "CBM 130 Extra"]
[Source "ChessBase"]
[SourceDate "2009.07.02"]
[SourceVersion "2"]
[SourceVersionDate "2009.07.15"]
[SourceQuality "1"]

1. e4 c5 2. Nf3 d6 3. d4 cxd4 4. Nxd4 Nf6 5. Nc3 a6 6. Be2 e6 7. a4 Qc7 8. 0-0 Nc6 9. Be3 Be7 10. f4 0-0 11. Kh1 Bd7 12. Qd2 Nxd4 13. Bxd4 Bc6 14. e5 Ne4 15. Qe3 Nxc3 16. Bxc3 d5 17. Bd3 g6 18. Bd4 b5 19. a5 Qd7 20. c3 f5 21. exf6 Bxf6 22. Rfe1 Rae8 23. Be2 Qg7 24. Bc5 Rf7 25. Bg4 Bd7 26. Qh3 e5 27. fxe5 Bxg4 28. exf6 Rxe1+ 29. Rxe1 Qxf6 30. Qxg4 h5 31. Qc8+ Kh7 1-0

[Event "St Petersburg June op"]
[Site "St Petersburg"]
[Date "2008.06.25"]
[Round "5"]
[White "Kushka, Alena"]
[Black "Chuvakov, Nikolay"]
[Result "1-0"]
[WhiteElo "2102"]
[BlackElo "1836"]
[PlyCount "49"]
[EventDate "2008.06.21"]
[EventType "swiss"]
[EventRounds "9"]
[EventCountry "RUS"]
[SourceTitle "CBM 125 Extra"]
[Source "ChessBase"]
[SourceDate "2008.09.01"]
[SourceVersion "1"]
[SourceVersionDate "2008.09.01"]
[SourceQuality "1"]

1. d4 Nf6 2. c4 e6 3. Nc3 d5 4. cxd5 exd5 5. Bg5 Be7 6. e3 c6 7. Qc2 Nbd7 8. Bd3 0-0 9. Nge2 Re8 10. 0-0 Nf8 11. f3 N6d7 12. Bxe7 Qxe7 13. e4 Nf6 14. e5 N6d7 15. f4 f6 16. Rf3 g6 17. Rg3 Kh8 18. Rf1 Qf7 19. f5 Qg7 20. fxg6 h6 21. Nf4 Ne6 22. Nh5 Nxd4 23. Nxg7 Nxc2 24. Nxe8 Nxe5 25. g7+ 1-0

[Event "St Petersburg June op"]
[Site "St Petersburg"]
[Date "2008.06.23"]
[Round "3"]
[White "Ajrumian, Sergey"]
[Black "Chuvakov, Nikolay"]
[Result "1-0"]
[WhiteElo "2060"]
[BlackElo "1836"]
[PlyCount "59"]
[EventDate "2008.06.21"]
[EventType "swiss"]
[EventRounds "9"]
[EventCountry "RUS"]
[SourceTitle "CBM 125 Extra"]
[Source "ChessBase"]
[SourceDate "2008.09.01"]
[SourceVersion "1"]
[SourceVersionDate "2008.09.01"]
[SourceQuality "1"]

1. e4 c5 2. Nf3 d6 3. d4 cxd4 4. Qxd4 Nc6 5. Bb5 Bd7 6. Bxc6 Bxc6 7. Nc3 e6 8. Bg5 Qb6 9. 0-0-0 Qxd4 10. Nxd4 e5 11. Ndb5 Kd7 12. Rd3 f6 13. Be3 Nh6 14. Nxa7 Nf7 15. b4 Ke6 16. b5 Bd7 17. Nd5 Rxa7 18. Bxa7 f5 19. exf5+ Kxf5 20. a4 g6 21. Rf3+ Ke6 22. Rf6+ Kxd5 23. Rd1+ Kc4 24. Rxf7 Be6 25. Rxb7 d5 26. Kb2 d4 27. Rc7+ Kd5 28. f3 Bb4 29. c3 Bd6 30. c4# 1-0

[Event "St Petersburg Chigorin CC-ch"]
[Site "St Petersburg"]
[Date "2008.05.20"]
[Round "6"]
[White "Chuvakov, Nikolay"]
[Black "Bagrunov, Vladimir"]
[Result "0-1"]
[WhiteElo "1836"]
[BlackElo "2038"]
[PlyCount "124"]
[EventDate "2008.05.13"]
[EventType "swiss"]
[EventRounds "9"]
[EventCountry "RUS"]
[SourceTitle "CBM 124 Extra"]
[Source "ChessBase"]
[SourceDate "2008.07.03"]
[SourceVersion "1"]
[SourceVersionDate "2008.07.03"]
[SourceQuality "1"]

1. d4 e6 2. e4 d5 3. e5 c5 4. Nf3 cxd4 5. Nxd4 Bc5 6. c3 Qb6 7. Bb5+ Kf8 8. Ba4 Nc6 9. Bxc6 bxc6 10. 0-0 a5 11. b3 Ne7 12. Be3 Bd7 13. Nd2 Ng6 14. N2f3 Kg8 15. Qd2 h6 16. Rab1 Qa7 17. a3 Bb6 18. b4 a4 19. Rb2 Kh7 20. Qc2 Qb8 21. Re1 Qd8 22. b5 c5 23. Ne2 Kg8 24. Nf4 Ne7 25. Bc1 Qe8 26. Qe2 c4 27. Nh5 Ng6 28. Nd4 Bxd4 29. cxd4 Bxb5 30. Qg4 c3 31. Rb4 Bd3 32. Re3 Bf5 33. Qg3 c2 34. Rc3 Rb8 35. Qe3 Rc8 36. Ng3 Ne7 37. Nxf5 Nxf5 38. Qd2 Kh7 39. Qxc2 Rxc3 40. Qxc3 Qc8 41. Qb2 Qa6 42. h3 Rc8 43. Kh2 Qd3 44. Qd2 Qxd2 45. Bxd2 Rc4 46. Rxc4 dxc4 47. Bc3 Ne7 48. Kg3 Nd5 49. Bd2 Kg6 50. Kf3 h5 51. Ke2 Kf5 52. f3 h4 53. Kd1 Nf4 54. Kc2 Nxg2 55. Kc3 Nf4 56. Be1 g5 57. Kxc4 Nxh3 58. d5 exd5+ 59. Kxd5 Ng1 60. f4 Nf3 61. Bf2 g4 62. Bxh4 Nxh4 0-1

[Event "St Petersburg White Nights op"]
[Site "St Petersburg"]
[Date "2007.07.03"]
[Round "9"]
[White "Chuvakov, Nikolay"]
[Black "Golovenchits, Boris"]
[Result "0-1"]
[WhiteElo "1835"]
[BlackElo "2043"]
[PlyCount "64"]
[EventDate "2007.06.25"]
[EventType "swiss"]
[EventRounds "9"]
[EventCountry "RUS"]
[SourceTitle "CBM 119 Extra"]
[Source "ChessBase"]
[SourceDate "2007.09.04"]
[SourceVersion "1"]
[SourceVersionDate "2007.09.04"]
[SourceQuality "1"]

1. d4 d5 2. c4 e6 3. Nf3 Nf6 4. a3 c6 5. Bg5 h6 6. Bh4 dxc4 7. Nc3 Nbd7 8. e4 Qa5 9. Qc2 b5 10. Rc1 g5 11. Bg3 Nh5 12. Be2 Nxg3 13. hxg3 Bg7 14. e5 Bb7 15. 0-0 c5 16. Ne4 Bxe4 17. Qxe4 0-0 18. Rfd1 cxd4 19. Nxd4 Nc5 20. Qg4 Bxe5 21. f4 Bf6 22. Nf3 Qb6 23. Kh1 Kg7 24. Ne5 Qc7 25. Rd4 h5 26. Qf3 Bxe5 27. fxe5 Qxe5 28. Qc3 f6 29. Bf3 Rad8 30. Rdd1 Qxc3 31. Rxc3 g4 32. Bc6 a6 0-1

[Event "St Petersburg White Nights op"]
[Site "St Petersburg"]
[Date "2007.06.28"]
[Round "4"]
[White "Chuvakov, Nikolay"]
[Black "Mironovich, Mark"]
[Result "0-1"]
[WhiteElo "1835"]
[BlackElo "1946"]
[PlyCount "51"]
[EventDate "2007.06.25"]
[EventType "swiss"]
[EventRounds "9"]
[EventCountry "RUS"]
[SourceTitle "CBM 119 Extra"]
[Source "ChessBase"]
[SourceDate "2007.09.04"]
[SourceVersion "1"]
[SourceVersionDate "2007.09.04"]
[SourceQuality "1"]

1. d4 d5 2. c4 c6 3. Nc3 Nf6 4. Bg5 e6 5. e3 Nbd7 6. Nf3 Qa5 7. Qb3 Ne4 8. Bh4 g5 9. Bg3 h5 10. h4 Nxg3 11. fxg3 g4 12. Nd2 Bd6 13. Ne2 Nf6 14. 0-0-0 Bb4 15. Nc3 Bd6 16. e4 dxe4 17. Ndxe4 Nxe4 18. Nxe4 Be7 19. d5 exd5 20. cxd5 cxd5 21. Bb5+ Kf8 22. Ng5 Bf5 23. Qxd5 Re8 24. Bc4 Bxg5+ 25. hxg5 Qxd5 26. Bxd5 0-1

[Event "St Petersburg White Nights op"]
[Site "St Petersburg"]
[Date "2007.06.27"]
[Round "3"]
[White "Gugnin, Rostislav Serafimov"]
[Black "Chuvakov, Nikolay"]
[Result "1-0"]
[WhiteElo "2039"]
[BlackElo "1835"]
[PlyCount "95"]
[EventDate "2007.06.25"]
[EventType "swiss"]
[EventRounds "9"]
[EventCountry "RUS"]
[SourceTitle "CBM 119 Extra"]
[Source "ChessBase"]
[SourceDate "2007.09.04"]
[SourceVersion "1"]
[SourceVersionDate "2007.09.04"]
[SourceQuality "1"]

1. e4 Nf6 2. Nc3 e5 3. Nf3 Nc6 4. d4 exd4 5. Nxd4 d6 6. Be2 Be7 7. 0-0 0-0 8. Be3 Re8 9. Nxc6 bxc6 10. Rb1 a6 11. h3 Bb7 12. Re1 d5 13. e5 Ne4 14. Nxe4 dxe4 15. Bc4 Qxd1 16. Rbxd1 Rad8 17. c3 Kf8 18. Kf1 h6 19. b4 Rxd1 20. Rxd1 Rd8 21. Rxd8+ Bxd8 22. Bc5+ Be7 23. Ke2 f6 24. exf6 gxf6 25. Ke3 Bxc5+ 26. bxc5 Bc8 27. Kxe4 a5 28. Kf4 Kg7 29. h4 Bd7 30. a3 Bc8 31. Bd3 Be6 32. Be4 Bd7 33. g4 Be8 34. Kg3 h5 35. g5 Bd7 36. Kf4 Be8 37. Bf5 Bf7 38. Bd7 Bd5 39. Kf5 fxg5 40. Kxg5 Kf7 41. f4 Bf3 42. f5 Ke7 43. Bc8 Kf7 44. Be6+ Ke7 45. Bb3 Kf8 46. f6 Be2 47. Bc2 Bc4 48. Bg6 1-0

[Event "St Petersburg White Nights op"]
[Site "St Petersburg"]
[Date "2007.06.26"]
[Round "2"]
[White "Chuvakov, Nikolay"]
[Black "Gaprindashvili, Nona1111"]
[Result "1/2-1/2"]
[WhiteElo "1835"]
[BlackElo "2043"]
[PlyCount "164"]
[EventDate "2007.06.25"]
[EventType "swiss"]
[EventRounds "9"]
[EventCountry "RUS"]
[SourceTitle "CBM 119 Extra"]
[Source "ChessBase"]
[SourceDate "2007.09.04"]
[SourceVersion "1"]
[SourceVersionDate "2007.09.04"]
[SourceQuality "1"]

1. d4 d5 2. c4 dxc4 3. e3 e5 4. Bxc4 exd4 5. exd4 Bd6 6. Qb3 Qe7+ 7. Be3 Nc6 8. Nf3 Bd7 9. Be2 0-0-0 10. Nc3 Nf6 11. h3 Be6 12. Qd1 Nd5 13. Nxd5 Bxd5 14. a3 h6 15. Qa4 Kb8 16. b4 Bxf3 17. gxf3 Qf6 18. 0-0-0 Bf4 19. Kc2 Nxd4+ 20. Rxd4 Rxd4 21. Bxd4 Qxd4 22. Rd1 Qxf2 23. Qb5 c6 24. Qc4 g5 25. Qe4 f5 26. Qe7 Bc7 27. Rd7 Rc8 28. Kb3 Qg3 29. a4 Qxh3 30. a5 g4 31. a6 gxf3 32. Bd3 b5 33. Qe6 Qg4 34. Qxc6 Qxb4+ 35. Kxb4 Ba5+ 36. Kxa5 Rxc6 37. Bxf5 Rc4 38. Rb7+ Ka8 39. Rxb5 h5 40. Bh3 Rf4 41. Rxh5 Kb8 42. Rf5 Rh4 43. Rxf3 Rh5+ 44. Kb4 Kc7 45. Bf1 Kc6 46. Rf6+ Kc7 47. Bb5 Rh7 48. Rc6+ Kb8 49. Re6 Rg7 50. Ka5 Rh7 51. Rd6 Rg7 52. Rd8+ Kc7 53. Rd1 Kb8 54. Rc1 Rh7 55. Bc6 Rh5+ 56. Kb4 Rh6 57. Kc5 Rh5+ 58. Bd5 Rh6 59. Rb1+ Kc8 60. Bb7+ Kc7 61. Rg1 Rh5+ 62. Kd4 Rh4+ 63. Ke5 Rh5+ 64. Kf6 Rh7 65. Rg7+ Rxg7 66. Kxg7 Kd7 67. Kf6 Kd6 68. Bg2 Kc7 69. Ke7 Kb6 70. Bf1 Kc7 71. Be2 Kb8 72. Kd7 Ka8 73. Kc6 Kb8 74. Bf3 Kc8 75. Kb5 Kc7 76. Bb7 Kb8 77. Bd5 Kc7 78. Kc5 Kd7 79. Bb7 Kc7 80. Kd5 Kb8 81. Ke6 Kc7 82. Ke7 Kb8 1/2-1/2

[Event "St Petersburg Autumn op"]
[Site "St Petersburg"]
[Date "2005.11.01"]
[Round "4"]
[White "Murashova, Ekaterina"]
[Black "Chuvakov, Nikolay"]
[Result "1-0"]
[WhiteElo "2151"]
[BlackElo "1861"]
[PlyCount "55"]
[EventDate "2005.10.29"]
[EventType "swiss"]
[EventRounds "9"]
[EventCountry "RUS"]
[SourceTitle "EXT 2006"]
[Source "ChessBase"]
[SourceDate "2005.11.24"]
[SourceVersion "1"]
[SourceVersionDate "2005.11.24"]
[SourceQuality "1"]

1. e4 c5 2. Nf3 d6 3. d4 cxd4 4. Nxd4 Nf6 5. Nc3 a6 6. f3 e6 7. Be3 Qc7 8. Qd2 b5 9. 0-0-0 b4 10. Na4 Nfd7 11. Qxb4 Be7 12. Qc3 Qb7 13. Nb3 Nc6 14. Qxg7 Bf6 15. Qh6 Qb4 16. Nb6 Bxb2+ 17. Kxb2 Nxb6 18. Bxb6 Qxb6 19. Qg7 Rf8 20. Rxd6 a5 21. Qc3 Bd7 22. Qc5 Qb7 23. Bb5 Rc8 24. Rhd1 Nb8 25. Rxd7 Nxd7 26. Rxd7 Rxc5 27. Rxb7+ Rxb5 28. Rxb5 1-0

[Event "St Petersburg Autumn op"]
[Site "St Petersburg"]
[Date "2005.10.29"]
[Round "1"]
[White "Chuvakov, Nikolay"]
[Black "Frolochkin, Vladimir"]
[Result "0-1"]
[WhiteElo "1861"]
[BlackElo "2190"]
[PlyCount "72"]
[EventDate "2005.10.29"]
[EventType "swiss"]
[EventRounds "9"]
[EventCountry "RUS"]
[SourceTitle "EXT 2006"]
[Source "ChessBase"]
[SourceDate "2005.11.24"]
[SourceVersion "1"]
[SourceVersionDate "2005.11.24"]
[SourceQuality "1"]

1. c4 Nf6 2. Nc3 g6 3. d4 Bg7 4. e4 d6 5. Nf3 0-0 6. h3 e5 7. Be3 Nc6 8. Be2 Ne8 9. 0-0 f5 10. exf5 Bxf5 11. d5 Ne7 12. Ng5 c6 13. Qd2 Nf6 14. Rad1 c5 15. Ne6 Bxe6 16. dxe6 Nf5 17. g4 Nd4 18. g5 Ne8 19. Bg4 Nc7 20. Bxd4 cxd4 21. Nd5 Nxd5 22. cxd5 Rf4 23. Qb4 Qxg5 24. Qxd6 Rd8 25. Qc7 Bf8 26. Kh1 Bd6 27. Qxb7 e4 28. e7 Bxe7 29. Be6+ Kh8 30. Qxa7 d3 31. Rg1 Qf6 32. Rg2 Bd6 33. Qb6 Be5 34. a4 Bd4 35. Qc7 Bxf2 36. Rf1 e3 0-1

[Event "St Petersburg White Nights op"]
[Site "St Petersburg"]
[Date "2005.06.23"]
[Round "6"]
[White "Melnikov, Nikolay"]
[Black "Chuvakov, Nikolay"]
[Result "1-0"]
[WhiteElo "1847"]
[BlackElo "1942"]
[PlyCount "65"]
[EventDate "2005.06.18"]
[EventType "swiss"]
[EventRounds "9"]
[EventCountry "RUS"]
[SourceTitle "CBM 106 Extra"]
[Source "ChessBase"]
[SourceDate "2005.07.01"]
[SourceVersion "1"]
[SourceVersionDate "2005.07.01"]
[SourceQuality "1"]

1. e4 c5 2. c3 e5 3. Nf3 Nc6 4. Bc4 Be7 5. 0-0 d6 6. d4 Bf6 7. dxc5 dxc5 8. Qc2 Qe7 9. Be3 a6 10. a4 Nh6 11. h3 Bd7 12. Rd1 Nd8 13. Bd5 Be6 14. c4 Nc6 15. Qd2 Nd4 16. Nxd4 cxd4 17. Bxh6 gxh6 18. Qxh6 0-0-0 19. Ra3 Rdg8 20. Rg3 Bg5 21. Bxe6+ fxe6 22. Qh5 Bf6 23. Nd2 Rxg3 24. fxg3 Rg8 25. Qf3 Bg5 26. Nf1 Rf8 27. Qb3 Qf6 28. c5 Qf2+ 29. Kh2 Be3 30. Qxe6+ Kb8 31. Nxe3 dxe3 32. Qb6 e2 33. Rd7 1-0

[Event "St Petersburg White Nights op"]
[Site "St Petersburg"]
[Date "2005.06.20"]
[Round "3"]
[White "Chuvakov, Nikolay"]
[Black "Lychik, Robert Ivanovich"]
[Result "0-1"]
[WhiteElo "1942"]
[BlackElo "2050"]
[PlyCount "118"]
[EventDate "2005.06.18"]
[EventType "swiss"]
[EventRounds "9"]
[EventCountry "RUS"]
[SourceTitle "CBM 106 Extra"]
[Source "ChessBase"]
[SourceDate "2005.07.01"]
[SourceVersion "1"]
[SourceVersionDate "2005.07.01"]
[SourceQuality "1"]

1. c4 Nc6 2. Nc3 Nf6 3. Nf3 e5 4. d3 Bb4 5. e4 d6 6. a3 Bc5 7. Bg5 h6 8. Bh4 g5 9. Bg3 Nd4 10. Nxd4 Bxd4 11. Be2 c6 12. Qc2 Be6 13. Bd1 h5 14. h4 Ng4 15. Ne2 Bb6 16. Qc3 Qf6 17. d4 exd4 18. Qd3 Kd7 19. hxg5 Qxg5 20. Bh4 Qc5 21. b4 Qxc4 22. Bc2 Qxd3 23. Bxd3 Ne5 24. Kd2 Rag8 25. g3 Nf3+ 26. Kc2 c5 27. Bb5+ Kc7 28. Nf4 Nxh4 29. Nxe6+ fxe6 30. Rxh4 d5 31. bxc5 Bxc5 32. Bd3 dxe4 33. Rxe4 Rh6 34. a4 Rf6 35. Re2 Kd6 36. Rh1 Rg5 37. Kb3 Rf3 38. Kc2 e5 39. Rb1 b6 40. Rb3 a5 41. Be4 Rf7 42. Kd3 Bb4 43. Rb1 Rg4 44. Rh1 Rg5 45. Rc2 Bc5 46. Rb1 Rg8 47. Rh1 Rgf8 48. f3 Rxf3+ 49. Bxf3 Rxf3+ 50. Kd2 Rxg3 51. Kd1 Ra3 52. Rxh5 Rxa4 53. Kc1 d3 54. Rch2 Kd5 55. Rh8 e4 56. Rd8+ Kc4 57. Kb1 Bd4 58. Ra2 Rb4+ 59. Kc1 e3 0-1

[Event "St Petersburg White Nights op"]
[Site "St Petersburg"]
[Date "2005.06.18"]
[Round "1"]
[White "Chuvakov, Nikolay"]
[Black "Lavrik, Dmitry"]
[Result "0-1"]
[WhiteElo "1942"]
[BlackElo "2222"]
[PlyCount "116"]
[EventDate "2005.06.18"]
[EventType "swiss"]
[EventRounds "9"]
[EventCountry "RUS"]
[SourceTitle "CBM 106 Extra"]
[Source "ChessBase"]
[SourceDate "2005.07.01"]
[SourceVersion "1"]
[SourceVersionDate "2005.07.01"]
[SourceQuality "1"]

1. c4 Nf6 2. Nc3 g6 3. d4 c5 4. d5 d6 5. e4 Bg7 6. Nf3 0-0 7. Be2 a6 8. 0-0 Qc7 9. Nh4 e5 10. f4 exf4 11. Bxf4 Nbd7 12. Nf3 Ng4 13. Qd2 Re8 14. Bd3 Nde5 15. Nxe5 Nxe5 16. Be2 Rb8 17. h3 Bd7 18. a4 b6 19. Rab1 Rb7 20. Bg5 Reb8 21. Bf6 Be8 22. Qf4 Bxf6 23. Qxf6 b5 24. axb5 axb5 25. cxb5 c4 26. Rfc1 Bxb5 27. Nxb5 Rxb5 28. Rc2 Qa7+ 29. Kh2 Qa2 30. Qf1 Rxb2 31. Rbxb2 Rxb2 32. Rxb2 Qxb2 33. Bxc4 Qd4 34. Bb5 Qxe4 35. Qd1 Kg7 36. Be2 h5 37. Qd2 h4 38. Bd1 Nc4 39. Qc3+ Qe5+ 40. Qxe5+ Nxe5 41. g3 hxg3+ 42. Kxg3 f5 43. h4 Kf6 44. Kf4 Nd7 45. Ba4 Nc5 46. Be8 Nd3+ 47. Ke3 Ne1 48. Kf4 Ng2+ 49. Kg3 Ne3 50. Bc6 g5 51. hxg5+ Kxg5 52. Kf3 Nc4 53. Bb5 Ne5+ 54. Ke3 Kg4 55. Be2+ Kg3 56. Bd1 Ng4+ 57. Kd4 f4 58. Kc4 Ne3+ 0-1

[Event "St Petersburg Chigorin CC-ch"]
[Site "St Petersburg"]
[Date "2005.05.19"]
[Round "4"]
[White "Chuvakov, Nikolay"]
[Black "Pavlov, Gennady Vasilievich"]
[Result "0-1"]
[WhiteElo "1942"]
[BlackElo "2119"]
[PlyCount "96"]
[EventDate "2005.05.16"]
[EventType "swiss"]
[EventRounds "9"]
[EventCountry "RUS"]
[SourceTitle "EXT 2006"]
[Source "ChessBase"]
[SourceDate "2005.11.24"]
[SourceVersion "1"]
[SourceVersionDate "2005.11.24"]
[SourceQuality "1"]

1. c4 e5 2. Nc3 Nf6 3. d3 d5 4. cxd5 Nxd5 5. Nf3 Nc6 6. e3 Be7 7. Be2 0-0 8. 0-0 Be6 9. a3 f5 10. Qc2 Bf6 11. e4 Nxc3 12. bxc3 f4 13. Rb1 b6 14. Rd1 Rf7 15. d4 exd4 16. Bb5 Ne5 17. Nxd4 Qe7 18. Nxe6 Qxe6 19. f3 g5 20. Ba4 c5 21. Rd5 c4 22. Qd1 Be7 23. Kh1 Nd3 24. Rxd3 cxd3 25. Bb3 Qd7 26. Bd5 Rd8 27. Qb3 Bc5 28. Bd2 Kf8 29. Bxf7 Qxf7 30. Qxf7+ Kxf7 31. a4 Be3 32. Rd1 Rc8 33. g3 Bxd2 34. Rxd2 Rxc3 35. Rd1 Ke6 36. gxf4 gxf4 37. Kg2 Ke5 38. Kh3 Kd4 39. Kg4 Ke3 40. e5 Ke2 41. Rg1 d2 42. e6 d1Q 43. Rxd1 Kxd1 44. Kxf4 Ke2 45. e7 Rxf3+ 46. Kg5 Re3 47. Kf6 a6 48. Kf7 b5 0-1

[Event "St Petersburg Chigorin CC-ch"]
[Site "St Petersburg"]
[Date "2005.05.17"]
[Round "2"]
[White "Nikolaev, Vadim S"]
[Black "Chuvakov, Nikolay"]
[Result "1-0"]
[WhiteElo "2201"]
[BlackElo "1942"]
[PlyCount "101"]
[EventDate "2005.05.16"]
[EventType "swiss"]
[EventRounds "9"]
[EventCountry "RUS"]
[SourceTitle "EXT 2006"]
[Source "ChessBase"]
[SourceDate "2005.11.24"]
[SourceVersion "1"]
[SourceVersionDate "2005.11.24"]
[SourceQuality "1"]

1. d4 Nf6 2. Nf3 e6 3. a3 d5 4. c4 c6 5. Nbd2 Be7 6. Qc2 0-0 7. e4 dxe4 8. Nxe4 Nbd7 9. Bd3 Re8 10. 0-0 Nf8 11. Rd1 Qc7 12. Bg5 Nxe4 13. Bxe4 Bxg5 14. Nxg5 f5 15. Bd3 Qf4 16. Nf3 Ng6 17. Qc3 Bd7 18. Re1 Rad8 19. Re3 Bc8 20. g3 Qc7 21. Rae1 Qd7 22. Bc2 Re7 23. R3e2 Rde8 24. Ne5 Nxe5 25. Rxe5 Qc7 26. Qe3 Rf8 27. Rxf5 Rxf5 28. Bxf5 e5 29. Bxc8 Qxc8 30. dxe5 Qe6 31. Qe4 Rd7 32. Kg2 h6 33. Re2 c5 34. b3 b6 35. f4 g6 36. h3 h5 37. Qf3 Rd1 38. g4 hxg4 39. hxg4 Rd4 40. Kg3 a6 41. Qa8+ Kg7 42. Qf3 b5 43. f5 gxf5 44. gxf5 Qg8 45. Re4 Kf8+ 46. Rg4 Rxg4+ 47. Qxg4 Qh8 48. f6 Kf7 49. Qh3 Qb8 50. Kf4 bxc4 51. Qd7+ 1-0